Statistics for Türkiye Tarihi

Click here to take the quiz!

General Stats

  • This quiz has been taken 2 212 times
  • The average score is 10 of 19

Answer Stats

SoruCevap% Correct
Modern Türkiye Cumhuriyeti'nin babası kimdir?Mustafa Kemal Atatürk
92%
1800'lerde resmi Osmanlı ordusu üniformasının bir parçası olan püsküllü kırmızı şapka neydi?Fes
84%
Türkiye 1974'te hangi ada ülkesini işgal etti?Kıbrıs
80%
İstanbul eskiden ne olarak biliniyordu?
Konstantinopolis
77%
Roma İmparatorluğu’nun hangi kolu Türkiye topraklarında 1400'lere kadar hayatta kaldı?
{Bizans} İmparatorluğu
74%
1960 yılında işgücü sıkıntısı ile karşı karşıya kalan hangi ülke Türk işçilerini göçe davet etti?Batı Almanya
70%
Eskiden Smyrna olarak bilinen Türkiye’nin üçüncü en kalabalık şehri nedir?İzmir
70%
1915-17 yılları arasında (tartışmalı) soykırıma kurban giden millet nedir?Ermeniler
68%
Türkiye 1952'de hangi askeri ittifaka katıldı?NATO
65%
Nüfusun% 12'sinin konuştuğu hangi dil 1980-1991 yılları arasında yasaklandı?Kürtçe
64%
Osmanlı Devleti'nin liderinin sıfatı neydi?Sultan
63%
MÖ 300'lerde Türkiye'nin çoğunu hangi Yunan lider fethetti?Büyük İskender
61%
Osmanlı İmparatorluğuçöküşüne hangi savaş neden oldu?
Birinci Dünya Savaşı
52%
1900’lerin başında Osmanlı İmparatorluğu’nu modernize etmek ve demokratikleştirmek isteyen grubun adı nedir?{Genç} Türkler
27%
Homeros'un "İlyada" sı hangi antik kentti?Truva
15%
İsa zamanında hangi Roma şehrinin nüfusu yarım milyon civarındaydı?Antakya
9%
Bundan önce Türkiye'yi hangi imparatorluk kontrol etti?Ahameniş İmparatorluğu
(İran)
6%
Paris ve İstanbul'u hangi tren rotası birbirine bağladı?{Orient} Ekspresi
6%
Bu liderin baş danışmanının unvanı neydi?Büyük {Vizier}
1%

Score Distribution

Percentile by Number Answered

Percent of People with Each Score

Your Score History

You have not taken this quiz